[Event "TCh-TUR 2nd League 2011"]
[Site "Konya TUR"]
[Date "2011.07.06"]
[Round "3"]
[White "Kaya,E"]
[Black "Polatel,L"]
[Result "1/2-1/2"]
[WhiteElo "2024"]
[BlackElo "2068"]

1.e4 g6 2.d4 Bg7 3.Nc3 c5 4.dxc5 Qa5 5.Ne2 Nf6 6.Bd2 Qxc5 7.Be3 Qa5 8.f3 Nc6
9.Qd2 d6 10.Nd4 O-O 11.Nb3 Qd8 12.Bh6 Be6 13.Bxg7 Kxg7 14.g4 Ne5 15.Be2 Rc8
16.g5 Nfd7 17.f4 Nc6 18.Nd4 Qb6 19.O-O-O Nxd4 20.Qxd4+ Qxd4 21.Rxd4 Nb6 22.Re1 Rc5
23.Bd3 Re8 24.Na4 Nxa4 25.Rxa4 a6 26.Rb4 Bc8 27.Kd2 h6 28.h4 hxg5 29.hxg5 Rh8
30.Rc4 Rxc4 31.Bxc4 Rh3 32.e5 Rh2+ 33.Kc3 dxe5 34.Rxe5 b5 35.Bb3 Rf2 36.Re4 Kf8
37.a4 Bd7 38.axb5 axb5 39.Rd4 Ke8 40.Bd5 Bf5 41.Bc6+ Kf8 42.Bxb5 Rxc2+ 43.Kb3 e5
44.Rd8+ Kg7 45.fxe5 Rc5 46.Bc4 Rxe5 47.Rd5 Re3+ 48.Ka4 Be6 49.Rc5 Bxc4 50.Rxc4 Re5
51.Rg4 f5 52.gxf6+ Kxf6 53.b4 Kf5  1/2-1/2

[Event "XXVI Tadeusza Gniota"]
[Site "Police POL"]
[Date "2011.07.08"]
[Round "4.8"]
[White "Figura,A"]
[Black "Shilov,S"]
[Result "1-0"]
[WhiteElo "2358"]
[BlackElo "2255"]

1.e4 g6 2.d4 Bg7 3.Nc3 a6 4.Be3 b5 5.Qd2 Bb7 6.f3 d6 7.h4 h5 8.Nh3 Nd7 9.Ng5 Ngf6
10.a4 b4 11.Ne2 a5 12.c3 bxc3 13.bxc3 O-O 14.Qa2 e6 15.Nf4 Qe7 16.Bd3 c5
17.O-O Nh7 18.Nfh3 cxd4 19.cxd4 Nxg5 20.hxg5 d5 21.Rab1 Ba6 22.Qe2 Bxd3 23.Qxd3 dxe4
24.fxe4 Qd6 25.Nf2 Rfc8 26.e5 Qc6 27.Ne4 Bf8 28.Bd2 Bb4 29.Bxb4 axb4 30.Qf3 Kh8
31.Nd6 Qxa4 32.Nxc8 Rxc8 33.Qxf7 b3 34.Qf4 Rc2 35.d5 Qa7+ 36.Kh1 Qb7 37.Qf3 Nxe5
38.Qf8+ Kh7 39.Qh6+  1-0

[Event "6th Polonia Wroclaw Open A"]
[Site "Wroclaw POL"]
[Date "2011.07.09"]
[Round "8"]
[White "Gajdamowicz,P"]
[Black "Walentukiewicz,M"]
[Result "0-1"]
[WhiteElo "1903"]
[BlackElo "2071"]

1.d4 g6 2.e4 Bg7 3.Nc3 c5 4.d5 d6 5.Nf3 Nf6 6.h3 O-O 7.Be2 e6 8.O-O exd5
9.exd5 Na6 10.Bxa6 bxa6 11.Bf4 Rb8 12.Rb1 Re8 13.Nd2 Rb4 14.Be3 a5 15.a3 Rb8
16.Qf3 Nd7 17.Qg3 Ne5 18.Rfe1 Bf5 19.Rec1 h6 20.f4 Nd3 21.cxd3 Rxe3 22.Qxe3 Bd4
23.Qxd4 cxd4 24.Nce4 Bxe4 25.dxe4 Qf6 26.g3 d3  0-1

[Event "St Pauli Open"]
[Site "Hamburg GER"]
[Date "2011.07.11"]
[Round "4.50"]
[White "Welsh,M"]
[Black "Buecker,T"]
[Result "1-0"]
[WhiteElo "2061"]
[BlackElo "1905"]

1.e4 g6 2.d4 Bg7 3.Nc3 d5 4.Nf3 dxe4 5.Nxe4 Nd7 6.Bc4 Ngf6 7.Neg5 O-O 8.Nxf7 Rxf7
9.Ng5 Ne5 10.dxe5 Qxd1+ 11.Kxd1 Ng4 12.Bxf7+ Kf8 13.e6 Bxe6 14.Bxe6 Nxf2+
15.Ke2 Nxh1 16.Be3 Bxb2 17.Rxh1 Kg7 18.Nf7 Kf6 19.Bb3 e6 20.Rf1+ Ke7 21.Bg5+ Kd7
22.Rd1+ Kc6 23.Rd8 Rxd8 24.Nxd8+  1-0

[Event "Myrhorod Open A"]
[Site "Myrhorod UKR"]
[Date "2011.07.11"]
[Round "4.33"]
[White "Solonsky,Alexandr"]
[Black "Agudova,O"]
[Result "1-0"]
[WhiteElo "1970"]
[BlackElo "1992"]

1.e4 g6 2.d4 Bg7 3.Nc3 c5 4.Nf3 cxd4 5.Nxd4 Nc6 6.Be3 e6 7.Ndb5 Bxc3+ 8.Nxc3 a6
9.Qd2 Qc7 10.O-O-O b5 11.Bf4 Qa5 12.Kb1 Nge7 13.Bg5 b4 14.Ne2 d5 15.Bf6 Rg8
16.f3 Bb7 17.Nd4 Nxd4 18.Qxd4 Rd8 19.Qa7 Rd7 20.Qb8+ Qd8 21.Qf4 Qa5 22.Be2 Rf8
23.Rhe1 h5 24.h4 Qc5 25.Bd4 Qc7 26.Be5 Qc5 27.Bg7 Rg8 28.Bd4 Qc7 29.Qe3 Qg3
30.Bc5 Qxh4 31.Bxb4 Kf8 32.Bc3 f6 33.Rh1 Qg5 34.f4 Qh6 35.Bxf6 Kf7 36.Bg5 Qg7
37.g4 Rh8 38.gxh5 gxh5 39.Bxh5+ Kf8 40.Bg4 Rxh1 41.Rxh1 dxe4  1-0

[Event "3rd International Open"]
[Site "Rethymno GRE"]
[Date "2011.07.12"]
[Round "2"]
[White "Papadakis,M"]
[Black "Zubarev,Al1"]
[Result "0-1"]
[WhiteElo "2240"]
[BlackElo "2597"]

1.d4 g6 2.e4 Bg7 3.Nc3 a6 4.a4 d6 5.Be3 Nd7 6.Bc4 e6 7.Nge2 Ne7 8.Qd2 h6
9.O-O b6 10.f3 c6 11.Ba2 d5 12.Nf4 O-O 13.Nce2 dxe4 14.fxe4 Nf6 15.Qd3 Ng4
16.Bd2 e5 17.dxe5 Nxe5 18.Qxd8 Rxd8 19.Bc3 Rf8 20.Rad1 a5 21.Nd3 Nxd3 22.Bxg7 Kxg7
23.Rxd3 Ra7 24.Rdf3 Ng8 25.Nd4 Rc7 26.e5 h5 27.Be6 Nh6 28.Rf6 Ba6 29.R1f3 Rd8
30.Bxf7 Rxd4 31.Bxg6 Rd1+ 32.Kf2 Ng4+ 33.Kg3 Nxe5  0-1

[Event "St Pauli Open"]
[Site "Hamburg GER"]
[Date "2011.07.13"]
[Round "6.4"]
[White "Zimmermann,Ju"]
[Black "Fries Nielsen,JO"]
[Result "0-1"]
[WhiteElo "2331"]
[BlackElo "2394"]

1.e4 g6 2.d4 Bg7 3.Nc3 Nc6 4.d5 Nb4 5.h4 h5 6.Be3 d6 7.a3 Na6 8.Bd4 Nf6 9.Bb5+ Bd7
10.Qe2 Nb8 11.Bxd7+ Nbxd7 12.Nf3 O-O 13.O-O-O Nb6 14.Ng5 Qd7 15.f4 Qg4 16.Qf2 c5
17.dxc6 bxc6 18.e5 c5 19.exf6 exf6 20.f5 Rae8 21.Nge4 Rxe4 22.Nxe4 Qxe4 23.Rhe1 Qd5
24.Bxc5 Qxc5 25.Qxc5 dxc5 26.b3 Bh6+ 27.Kb2 Bf4 28.Re7 Be5+ 29.Ka2 Bd4 30.c4 Nc8
31.Rd7 Re8 32.Rd2 gxf5 33.b4 Nb6 34.R7xd4 cxd4 35.c5 Nc4 36.Rxd4 Re4 37.Rd7 a5
38.Kb3 axb4 39.axb4 Ne5 40.Rd8+ Kg7 41.b5 Rxh4 42.b6 Nc6 43.Ra8 Rg4 44.Kc3 Rxg2
45.Rc8 h4  0-1

[Event "111th ch-SUI"]
[Site "Leukerbad SUI"]
[Date "2011.07.13"]
[Round "7"]
[White "Stoeri,S"]
[Black "Vuilleumier,A"]
[Result "1-0"]
[WhiteElo "2118"]
[BlackElo "2374"]

1.e4 g6 2.d4 Bg7 3.Nc3 c5 4.dxc5 Qa5 5.Bd2 Qxc5 6.Nd5 Na6 7.Be3 Qa5+ 8.b4 Qd8
9.Bd4 Kf8 10.Bxg7+ Kxg7 11.Qd4+ f6 12.Rd1 Nc7 13.Bc4 Nh6 14.Ne2 Nxd5 15.Qxd5 a5
16.b5 Qc7 17.f4 b6 18.Bb3 d6 19.Rd3 Bb7 20.Qe6 Rhd8 21.Rc3 Qd7 22.Nd4 a4
23.Bd5 Bxd5 24.Qxd5 Rdc8 25.Rh3 Ng8 26.Ne6+ Kh8 27.O-O Rxc2 28.Nd4  1-0

[Event "Myrhorod Open A"]
[Site "Myrhorod UKR"]
[Date "2011.07.13"]
[Round "8.19"]
[White "Vatinyan,G"]
[Black "Bondar,W"]
[Result "1-0"]
[WhiteElo "1965"]
[BlackElo "2135"]

1.e4 g6 2.d4 Bg7 3.Nc3 d5 4.exd5 Nf6 5.Bb5+ Bd7 6.Bc4 Bg4 7.Nge2 Bxe2 8.Qxe2 Nbd7
9.O-O O-O 10.Bg5 Nb6 11.Bxf6 Bxf6 12.Rad1 Qd7 13.Bb3 a5 14.a4 c6 15.dxc6 bxc6
16.Ne4 Bg7 17.Rfe1 e6 18.Qf3 Nd5 19.c4 Ne7 20.Nf6+ Bxf6 21.Qxf6 Rab8 22.Re3 Rb4
23.Rh3 Rfb8 24.Rdd3 Nf5 25.g4 Qe7 26.Qe5 Ng7 27.Qxa5 f5 28.gxf5 Nxf5 29.Qe5 Re8
30.Qc5 Qb7 31.a5 Rb8 32.Qe5 Qe7 33.c5 Re8 34.a6 h5 35.a7 Kf7 36.Bxe6+ Qxe6
37.Qxe6+ Kxe6 38.Rhe3+  1-0

[Event "21st Heart of Finland"]
[Site "Jyvaskyla FIN"]
[Date "2011.07.16"]
[Round "8"]
[White "Kanep,M"]
[Black "Anttila,P"]
[Result "1-0"]
[WhiteElo "2531"]
[BlackElo "2109"]

1.d4 g6 2.e4 Bg7 3.Nc3 d5 4.Nxd5 c6 5.Nc3 Bxd4 6.Nge2 Bb6 7.Qxd8+ Bxd8 8.Be3 Nf6
9.f3 O-O 10.O-O-O Bb6 11.Bh6 Rd8 12.Rxd8+ Bxd8 13.e5 Nd5 14.Nxd5 cxd5 15.Be3 Nd7
16.f4 Bb6 17.Bxb6 Nxb6 18.Nd4 Bd7 19.Bd3 Na4 20.Rg1 Nc5 21.Kd2 Nxd3 22.cxd3 h5
23.Rc1 Rc8 24.Rxc8+ Bxc8 25.Nb5 Bd7 26.Nxa7 g5 27.fxg5 Kg7 28.Ke3 Kg6 29.Kf4 Bf5
30.d4 Bd7 31.a4 Bxa4 32.Nc8 e6 33.Nd6 b6 34.Nc8 b5 35.h4 b4 36.Nd6 Bc2 37.Nb5 Bd3
38.Na7 b3 39.Nc8 Kg7 40.Nd6 Kg6 41.Ke3 Bb1 42.Kd2 Bc2 43.Kc3 Bd1 44.Kb4 Bc2
45.Kc5 Be4 46.g3 Bd3 47.Kc6 Kg7 48.Kd7 Kf8 49.Kd8 Ba6 50.Ne8 Bd3 51.Nf6 Be2
52.Nd7+ Kg7 53.Ke7 Bf3 54.Nc5 Bd1 55.Nb7 Bc2 56.Nd6 Bg6 57.Ne8+ Kg8 58.Kf6 Kh8
59.Nd6 Kg8 60.Nc8 Kf8 61.Ne7  1-0

[Event "4th d'Ille-et-Vilain Open"]
[Site "Rennes FRA"]
[Date "2011.07.17"]
[Round "3.4"]
[White "Bailet,P"]
[Black "Shakessi,Hossein"]
[Result "1-0"]
[WhiteElo "2432"]
[BlackElo "1585"]

1.e4 g6 2.d4 Bg7 3.Nc3 c5 4.d5 d6 5.Nf3 Nd7 6.Bd3 a6 7.a4 Qc7 8.O-O c4 9.Be2 Bxc3
10.bxc3 Nc5 11.Qd4 f6 12.Nd2 Bd7 13.a5 Rc8 14.Nxc4 Bb5 15.Re1 Bxc4 16.Qxc4 Qb8
17.Qd4 h5 18.Rb1 Nh6 19.Ba3 Qc7 20.Bxc5 dxc5 21.Qa4+ Kf8 22.e5 c4 23.exf6 Ng4
24.Bxg4 hxg4 25.fxe7+ Kf7 26.g3 Qc5 27.Qd7  1-0

[Event "98th ch-GBR"]
[Site "Sheffield ENG"]
[Date "2011.07.24"]
[Round "1.39"]
[White "Kemp,PaulR"]
[Black "Phillips,O"]
[Result "1-0"]
[WhiteElo "2114"]
[BlackElo "1967"]

1.e4 g6 2.d4 Bg7 3.Nc3 c5 4.Be3 cxd4 5.Bxd4 f6 6.Bc4 Nh6 7.h4 e6 8.Qe2 Nc6
9.Be3 f5 10.O-O-O Bxc3 11.Bxh6 Bf6 12.exf5 Qb6 13.c3 Ne5 14.fxe6 dxe6 15.Nf3 Nxc4
16.Qxc4 Bd7 17.Qf4 Be7 18.Ne5 O-O-O 19.Nxd7 Rxd7 20.Rxd7 Kxd7 21.Qf7 Qc5
22.Be3 Qc4 23.Rd1+ Kc8 24.Qxe7 Qxa2 25.Qd7+  1-0

[Event "98th ch-GBR"]
[Site "Sheffield ENG"]
[Date "2011.07.29"]
[Round "5.18"]
[White "Jones,V"]
[Black "Beaumont,C"]
[Result "0-1"]
[WhiteElo "2153"]
[BlackElo "2313"]

1.e4 g6 2.d4 Bg7 3.Nc3 c5 4.dxc5 Bxc3+ 5.bxc3 Qa5 6.Bd3 Qxc3+ 7.Bd2 Qxc5
8.Nf3 d6 9.Rb1 Nf6 10.O-O O-O 11.Qe2 Nbd7 12.Rb5 Qc7 13.e5 dxe5 14.Nxe5 Nxe5
15.Rxe5 Ng4 16.Bf4 Nxe5 17.Bxe5 Qc5 18.Re1 Be6 19.h4 f6 20.Bb2 Bf7 21.g4 e5
22.h5 Rae8 23.Be4 Rd8 24.Qf3 Bd5 25.hxg6 hxg6 26.Ba3 Qc6 27.Bxf8 Bxe4 28.Qxe4 Qxe4
29.Rxe4 Kxf8 30.g5 Kf7 31.Kg2 Rd4 32.Kf3 Rxe4 33.Kxe4 Ke6 34.gxf6 Kxf6 35.c4 b6
36.Kd5 Kf5 37.Kc6 Ke6 38.c5 bxc5 39.Kxc5 g5 40.a4 g4 41.Kc4 Kf5 42.Kd3 Kf4
43.Ke2 e4 44.a5 a6 45.Ke1 Ke5 46.Kd2 Kd4 47.Ke2 Kc4 48.Ke3 Kb4 49.Kxe4 Kxa5
50.Kf4 Kb5 51.Kxg4 a5 52.f4 a4 53.f5 Kc6 54.Kg5 Kd7 55.Kg6 a3 56.f6 a2 57.f7 Ke7
58.Kg7 a1=Q+ 59.Kg8 Qg1+ 60.Kh7  0-1

[Event "Tabor Open"]
[Site "Tabor CZE"]
[Date "2011.07.31"]
[Round "1.12"]
[White "Westerinen,H"]
[Black "Skalicky,T"]
[Result "1-0"]
[WhiteElo "2355"]
[BlackElo "1888"]

1.e4 g6 2.d4 Bg7 3.Nc3 c5 4.dxc5 Qa5 5.Bd2 Qxc5 6.Nd5 Na6 7.Be3 Qa5+ 8.c3 Nf6
9.Bd4 Qd8 10.Nxf6+ Bxf6 11.Bxf6 exf6 12.Qd6 Qe7 13.O-O-O Qxd6 14.Rxd6 Ke7
15.Rd2 Nc5 16.Bc4 d6 17.Nf3 Be6 18.Bd5 Bxd5 19.Rxd5 Nxe4 20.Re1 f5 21.Ng5 Kd7
22.Nxe4 fxe4 23.Red1 Kc7 24.Rxd6 Rhf8 25.Rd7+ Kc6 26.R1d6+ Kc5 27.b4+ Kc4
28.Rc7+  1-0

[Event "15th HZ Open"]
[Site "Vlissingen NED"]
[Date "2011.08.01"]
[Round "4"]
[White "Bijlsma,N"]
[Black "Rogmans,J"]
[Result "1-0"]
[WhiteElo "2174"]
[BlackElo "1933"]

1.e4 g6 2.d4 Bg7 3.Nc3 c5 4.dxc5 Bxc3+ 5.bxc3 Qa5 6.Qd4 Nf6 7.Bd2 Nc6 8.Qe3 b6
9.cxb6 Qxb6 10.Qxb6 axb6 11.Bd3 Ne5 12.f4 Nxd3+ 13.cxd3 d6 14.c4 Nd7 15.Bc3 O-O
16.Kd2 Nc5 17.Ne2 Bb7 18.Rhb1 Ra6 19.g3 Rfa8 20.Ke3 Bc6 21.a3 Ba4 22.Rb2 Be8
23.Bb4 Kf8 24.d4 Na4 25.Rc2 Kg7 26.g4 Rc8 27.Rac1 Ra7 28.f5 Rac7 29.Nf4 Bb5
30.Nd5 Rxc4 31.Rxc4 Rxc4 32.Rxc4 Bxc4 33.Nxe7  1-0

[Event "ECT Open A"]
[Site "Borne NED"]
[Date "2011.08.02"]
[Round "3.1"]
[White "Rauw,G"]
[Black "Haast,M"]
[Result "0-1"]
[WhiteElo "2089"]
[BlackElo "2248"]

1.e4 g6 2.d4 Bg7 3.Nc3 c5 4.Nf3 Qa5 5.Be2 Nc6 6.Be3 cxd4 7.Nxd4 Nf6 8.O-O O-O
9.Nb3 Qc7 10.Bg5 Qb8 11.Qc1 d6 12.Bxf6 Bxf6 13.Nd5 Bg7 14.Bb5 Re8 15.Qg5 Bd7
16.Nxe7+ Rxe7 17.Bxc6 Re5  0-1

[Event "Politiken Cup"]
[Site "Helsingor DEN"]
[Date "2011.08.03"]
[Round "6.10"]
[White "Berg,E"]
[Black "Petersen,To1"]
[Result "1-0"]
[WhiteElo "2604"]
[BlackElo "2324"]

1.e4 g6 2.d4 Bg7 3.Nc3 Nc6 4.d5 Nb8 5.Be3 d6 6.Nf3 Nf6 7.Qd2 c6 8.h3 Nbd7
9.Be2 cxd5 10.exd5 Nc5 11.O-O O-O 12.Rfe1 Bd7 13.Bd4 Re8 14.Bf1 Qa5 15.a3 e5
16.dxe6 Nxe6 17.Bxf6 Bxf6 18.Ne4 Qd8 19.Nxd6 Re7 20.Ne5 Be8 21.Rad1 Ng5 22.Qf4 Re6
23.Ndxf7 Qe7 24.Nxg5 Bxg5 25.Qc4 Kg7 26.Nxg6 Rxe1 27.Nxe7 Rxd1 28.Qg8+ Kf6
29.Nd5+  1-0

[Event "50th World Juniors"]
[Site "Chennai IND"]
[Date "2011.08.05"]
[Round "4.9"]
[White "Grover,S"]
[Black "Petrisor,A"]
[Result "1-0"]
[WhiteElo "2496"]
[BlackElo "2408"]

1.d4 g6 2.e4 Bg7 3.Nc3 c5 4.dxc5 Bxc3+ 5.bxc3 Qa5 6.Qd4 Nf6 7.Qb4 Qxb4 8.cxb4 Nxe4
9.f3 Nf6 10.Bb2 O-O 11.Bc4 Nc6 12.a3 Ne8 13.h4 Ng7 14.Ne2 Nf5 15.g4 d5 16.Bxd5 Ne3
17.Bb3 Be6 18.Kf2 Bxb3 19.cxb3 Nd5 20.b5 Na5 21.Rad1 e6 22.Rd3 Rac8 23.Rc1 b6
24.c6  1-0

[Event "Split Open"]
[Site "Split CRO"]
[Date "2011.08.06"]
[Round "2.18"]
[White "Greb,N"]
[Black "Leroy,D"]
[Result "0-1"]
[WhiteElo "2090"]
[BlackElo "2282"]

1.e4 c5 2.Nc3 g6 3.d4 Bg7 4.dxc5 Qa5 5.Bd3 Na6 6.Bd2 Qxc5 7.Nge2 Nf6 8.O-O O-O
9.Be3 Qa5 10.a3 d6 11.b4 Qd8 12.h3 Nc7 13.Qd2 b6 14.Bh6 Bb7 15.Ng3 Rc8 16.Nce2 d5
17.e5 Ne4 18.Qf4 g5 19.Bxg5 Ne6 20.Qf5 N6xg5 21.h4 Nxg3 22.Nxg3 Ne4 23.Nh5 Bh6
24.f3 e6 25.Qg4+ Kh8 26.fxe4 dxe4 27.Bxe4 Qd4+ 28.Kh1 Qxe4  0-1

[Event "Stilwerk Masters"]
[Site "Vienna AUT"]
[Date "2011.08.06"]
[Round "4"]
[White "Van Oosterom,C"]
[Black "Alvir,A"]
[Result "1/2-1/2"]
[WhiteElo "2408"]
[BlackElo "2359"]

1.e4 g6 2.d4 Bg7 3.Nc3 c5 4.dxc5 Bxc3+ 5.bxc3 Qa5 6.Qd4 Nf6 7.Qb4 Qc7 8.Bb5 O-O
9.Ne2 Nc6 10.Bxc6 Qxc6 11.f3 b6 12.cxb6 Ba6 13.bxa7 Rxa7 14.Kf2 Bxe2 15.Kxe2 Ra4
16.Qb3 Nxe4 17.fxe4 Qxe4+ 18.Be3 Qxg2+ 19.Kd3 Qe4+ 20.Kd2 Qg2+ 21.Kd3 Qe4+  1/2-1/2

[Event "ch-SLO w 2011"]
[Site "Ljubljana SLO"]
[Date "2011.08.07"]
[Round "2"]
[White "Krivec,J"]
[Black "Orehek,S"]
[Result "1/2-1/2"]
[WhiteElo "2304"]
[BlackElo "2047"]

1.e4 c5 2.Nc3 g6 3.d4 Bg7 4.dxc5 Qa5 5.Ne2 Nf6 6.Ng3 Qxc5 7.Be2 d6 8.O-O O-O
9.Be3 Qa5 10.Rb1 Nc6 11.a3 Be6 12.f4 Rac8 13.Bf3 Qd8 14.Nd5 Bxd5 15.exd5 Na5
16.b3 a6 17.Rf2 b5 18.Ne2 e5 19.Ng3 Re8  1/2-1/2

[Event "Botvinnik 100th Open"]
[Site "St Petersburg RUS"]
[Date "2011.08.12"]
[Round "1"]
[White "Malakhov,I"]
[Black "Petrova,I"]
[Result "1/2-1/2"]
[WhiteElo "2448"]
[BlackElo "2125"]

1.e4 g6 2.d4 Bg7 3.Nc3 a6 4.h4 h5 5.Be3 b5 6.Qd2 Bb7 7.f3 d6 8.a4 c6 9.Bd3 Nd7
10.Nge2 Ngf6 11.O-O O-O 12.Rfd1 Qc7 13.Nc1 b4 14.Nb1 c5 15.c3 a5 16.Bb5 Ba6
17.Bxa6 Rxa6 18.Qe2 Rb6 19.c4 cxd4 20.Bxd4 Rc6 21.Nd2 Nc5 22.Qf2 Ne6 23.Be3 Nd7
24.Nd3 Ndc5 25.Nxc5 Nxc5 26.Bd4 Bh6 27.Bxc5 Rxc5 28.b3 Qc8 29.Nf1 Qe6 30.Rd3 Rfc8
31.Rad1 Qf6 32.Ne3 Bxe3 33.Rxe3 Kg7 34.Red3 R8c7 35.g3 Qe5 36.Kg2 Kh7 37.Rd4 Qf6
38.Qe3 Rc8 39.R1d2 Kg7 40.R4d3 R8c7 41.Rd5 Rxd5 42.exd5 Rb7 43.Rd4 Rc7 44.Qe4 Rc5
45.Kh3 Rc8 46.Kg2 Rc5 47.Kf2 Rc8 48.Qe3 Rc7 49.Rd2 Rb7 50.Qd4 Qxd4+ 51.Rxd4 Rc7
52.g4 hxg4 53.fxg4 f5 54.Rd3 fxg4 55.Kg3 Rc8 56.Re3 Kf6 57.Kxg4 Rh8 58.Re4 Rh5
59.Rf4+ Kg7 60.Kf3 g5 61.Re4 Kf7 62.hxg5 Rxg5 63.Kf4 Rg1 64.Re3 Rc1 65.Rh3 Rf1+
66.Ke4 Rb1 67.Kd4 Rd1+ 68.Ke3 Rb1 69.Ke4  1/2-1/2

[Event "Botvinnik 100th Open"]
[Site "St Petersburg RUS"]
[Date "2011.08.13"]
[Round "2"]
[White "Timirev,Sergey"]
[Black "Tantsiura,M"]
[Result "0-1"]
[WhiteElo "1823"]
[BlackElo "2138"]

1.d4 g6 2.Nc3 Bg7 3.e4 a6 4.Nf3 b5 5.Be2 Bb7 6.a3 d6 7.O-O Nd7 8.d5 Ngf6
9.Nd4 Nc5 10.Bf3 O-O 11.Re1 Rb8 12.Bg5 e5 13.dxe6 Nxe6 14.Nxe6 fxe6 15.e5 Bxf3
16.Qxf3 dxe5 17.Qh3 Qd6 18.Bxf6 Bxf6 19.Ne4 Qb6 20.Qe3 Qd4 21.c3 Qxe3 22.Nxf6+ Rxf6
23.Rxe3 Rd8 24.Rae1 Rf5 25.f3 Rd2 26.R1e2 Rxe2 27.Rxe2 Kf7 28.Kf2 h5 29.Re4 Ke7
30.c4 Kd6 31.cxb5 axb5 32.Ke2 Rf4 33.Rxf4 exf4 34.Kd3 Kd5 35.b3 g5 36.h3 e5
37.a4 bxa4 38.bxa4 Kc5 39.Kc3 Kb6 40.Kb4 h4 41.Kc4 Ka5 42.Kb3 c6 43.Ka3 g4
44.hxg4 e4 45.g5 exf3 46.gxf3 h3 47.g6 h2 48.g7 h1=Q 49.g8=Q Qxf3+ 50.Kb2 Qf2+
51.Kb1 Kb4 52.Qe8 Kb3 53.Qe6+ Ka3 54.Qd6+ c5 55.Qd3+ Kxa4  0-1

[Event "20th ZMDI Open A"]
[Site "Dresden GER"]
[Date "2011.08.14"]
[Round "9.6"]
[White "Szabo,Krisz1"]
[Black "Maiwald,JU"]
[Result "1-0"]
[WhiteElo "2542"]
[BlackElo "2469"]

1.e4 g6 2.d4 Bg7 3.Nc3 a6 4.f4 d6 5.Nf3 b5 6.Bd3 Nd7 7.e5 c5 8.Be4 Rb8 9.O-O cxd4
10.Nxd4 dxe5 11.Nc6 Qb6+ 12.Kh1 Ngf6 13.Nxb8 Qxb8 14.Bc6 O-O 15.Qf3 Nb6 16.fxe5 Qxe5
17.Bf4 Qf5 18.Rae1 b4 19.Nd1 Qxc2 20.Re2 Qb1 21.Rxe7 Qxa2 22.Be5 Bg4 23.Qf2 Bxd1
24.Qxb6 Nd5 25.Rfxf7  1-0

[Event "26th Teteven Open"]
[Site "Teteven BUL"]
[Date "2011.08.14"]
[Round "2.17"]
[White "Kirov,D"]
[Black "Nikolov,Ru"]
[Result "1-0"]
[WhiteElo "2123"]
[BlackElo "1819"]

1.e4 g6 2.d4 Bg7 3.Nc3 c5 4.Nf3 cxd4 5.Nxd4 Nc6 6.Be3 Nf6 7.Bc4 O-O 8.Bb3 d6
9.h3 Bd7 10.O-O Nxd4 11.Bxd4 Bc6 12.Re1 a6 13.Nd5 Bxd5 14.exd5 Rc8 15.c3 Re8
16.Qd2 b5 17.a4 Ra8 18.Qd3 Qd7 19.Ra2 Qb7 20.axb5 axb5 21.Rea1 Nxd5 22.Qf3 Rxa2
23.Rxa2 Bxd4 24.Bxd5 Bxf2+ 25.Kh2 Qb8 26.Qxf7+ Kh8 27.Ra8 Bg1+ 28.Kh1 Qxa8
29.Bxa8 Rxa8 30.Kxg1  1-0

[Event "Botvinnik 100th Open"]
[Site "St Petersburg RUS"]
[Date "2011.08.18"]
[Round "7"]
[White "Novikov,Mikhael"]
[Black "Petrova,I"]
[Result "1/2-1/2"]
[WhiteElo "1926"]
[BlackElo "2125"]

1.e4 g6 2.d4 Bg7 3.Nc3 a6 4.Nf3 b5 5.a3 Bb7 6.Bd3 d6 7.O-O Nf6 8.h3 O-O 9.Bg5 Nbd7
10.Qd2 c5 11.d5 c4 12.Be2 Nc5 13.Qe3 Rc8 14.Rad1 Nfd7 15.Bh6 Qb6 16.Bxg7 Kxg7
17.Nd4 e5 18.dxe6 fxe6 19.Bg4 Rf6 20.h4 e5 21.Nde2 Rcf8 22.f3 Na4 23.Qxb6 Ndxb6
24.Nxa4 Nxa4 25.b3 Nb6 26.Nc3 Bc8 27.Bxc8 Rxc8 28.b4 Kf7 29.Nd5 Nxd5 30.Rxd5 Ke7
31.c3 Rc6 32.Kf2 Kd7 33.a4 Rb6 34.Ra1 Rf7 35.a5 Rc6 36.Rad1 Ke7 37.Ke3 Rf6
38.Rh1 Rc8 39.h5 g5 40.g4 Rcf8 41.Rf1  1/2-1/2

[Event "23rd Porto San Giorgio Open"]
[Site "Porto San Giorgio ITA"]
[Date "2011.08.22"]
[Round "2"]
[White "Barberi,A"]
[Black "Fierro Baquero,M"]
[Result "0-1"]
[WhiteElo "2062"]
[BlackElo "2381"]

1.d4 g6 2.e4 Bg7 3.Nc3 c5 4.Be3 Qa5 5.Qd2 Nf6 6.f3 cxd4 7.Bxd4 Nc6 8.Be3 O-O
9.Bc4 d6 10.Nge2 Bd7 11.O-O-O Rfc8 12.Kb1 Ne5 13.Bb3 Nc4 14.Bxc4 Rxc4 15.Nd5 Qxd2
16.Rxd2 Nxd5 17.exd5 b5 18.g4 a5 19.h4 h6 20.Rg1 Re8 21.h5 gxh5 22.gxh5 Kh7
23.Bd4 Rg8 24.b3 Rcc8 25.Rxg7+ Rxg7 26.Bxg7 Kxg7 27.Rd4 Bf5 28.Rd2 Kf6 29.Nd4 Bd7
30.Kb2 Rg8 31.c4 bxc4 32.bxc4 Rg5 33.Rh2 Re5 34.Rh4 Rg5 35.Rf4+ Kg7 36.Re4 Kf8
37.Rh4 e5 38.Nb3 a4 39.Nd2 Ke7 40.Kc3 f5 41.Rh1 Rg3 42.Kb4 Rg2 43.Rd1 Be8
44.c5 dxc5+ 45.Kxc5 Bxh5 46.d6+ Ke6 47.Nc4 Be8 48.Re1 e4 49.fxe4 f4 50.Rf1 Rg4
51.e5 h5 52.Nb6 Rg5 53.Nc4 Rg4 54.Rb1 f3 55.Rb7 Bd7 56.Nb6 Rg7 57.Nxd7 Rxd7
58.Rb8 Rf7 59.Re8+ Kd7 60.Ra8 f2 61.Kd5 Rf5 62.Ra7+ Ke8 63.Ra8+ Kf7 64.d7 f1=Q
65.d8=Q Qb5+  0-1

[Event "XVI Seahorse Open A"]
[Site "Rewal POL"]
[Date "2011.08.23"]
[Round "4"]
[White "Tomaszewska,L"]
[Black "Zakrzewski,Mare"]
[Result "1/2-1/2"]
[WhiteElo "1993"]
[BlackElo "2097"]

1.e4 g6 2.d4 Bg7 3.Nc3 d5 4.exd5 Nf6 5.Bc4 Nbd7 6.Qf3 O-O 7.Bb3 Nb6 8.h3 Qd7
9.Nge2 Rd8 10.Bf4 Nbxd5 11.Nxd5 Nxd5 12.Bxd5 Qxd5 13.Qxd5 Rxd5 14.Bxc7 Bf5
15.c3 Rc8 16.Bf4 e5 17.Be3 Bd3 18.dxe5 Rxe5 19.Nd4 f5 20.O-O-O Be4 21.Rhg1 b5
22.Nc2 a5 23.Rd7 Rd5 24.Rxd5 Bxd5 25.a3 h6 26.g3 Be4 27.Rd1 g5 28.Rd6 Kh7
29.Bd4 Bf8 30.Rf6 b4 31.axb4 axb4 32.Ne3 bxc3 33.Bxc3 Bb4 34.Kd2 Rd8+ 35.Ke1 Rf8
36.Rxf8 Bxf8 37.Ke2 Kg6 38.Nc4 f4 39.f3 Bb7 40.g4 Ba6 41.b3 h5 42.Kd2 h4
43.Ne5+ Kh6 44.Nc4 Bb7 45.Ne5 Bg7 46.Ke2 Ba6+ 47.Kf2 Bxe5  1/2-1/2

[Event "31st Presolana Open"]
[Site "Presolana ITA"]
[Date "2011.08.24"]
[Round "5.8"]
[White "Vishnu,P"]
[Black "Drazic,S"]
[Result "1/2-1/2"]
[WhiteElo "2340"]
[BlackElo "2501"]

1.e4 g6 2.d4 Bg7 3.Nc3 a6 4.f4 d5 5.e5 Nh6 6.Be3 f6 7.Qd2 Ng4 8.Nf3 Nxe3
9.Qxe3 O-O 10.O-O-O Nc6 11.Be2 Bh6 12.g3  1/2-1/2

[Event "31st Presolana Open"]
[Site "Presolana ITA"]
[Date "2011.08.24"]
[Round "5.1"]
[White "Sveshnikov,V"]
[Black "Fedorchuk,S"]
[Result "0-1"]
[WhiteElo "2407"]
[BlackElo "2618"]

1.e4 g6 2.d4 Bg7 3.Nc3 a6 4.f4 d5 5.Nxd5 e6 6.Nc3 Qxd4 7.Qf3 Nc6 8.Nge2 Qb6
9.Bd2 Qxb2 10.Rd1 Qa3 11.Nd5 Qxf3 12.Nxc7+ Ke7 13.gxf3 Rb8 14.Be3 Bd7 15.Bc5+ Kd8
16.Bb6 Kc8 17.e5 Bf8 18.c3 Be7 19.Nd4 Bh4+ 20.Ke2 Bd8 21.Nxc6 bxc6 22.Nxa6 Rxb6
23.Nc5 Be8  0-1

[Event "72nd ch-ARM 1st League"]
[Site "Kajaran ARM"]
[Date "2011.08.27"]
[Round "9"]
[White "Gabuzyan,H"]
[Black "Chibukhchian,A"]
[Result "0-1"]
[WhiteElo "2404"]
[BlackElo "2498"]

1.e4 g6 2.d4 Bg7 3.Nc3 a6 4.Be3 b5 5.Qd2 Bb7 6.f3 d6 7.h4 h5 8.Nh3 Nd7 9.Ng5 Ngf6
10.a4 c6 11.Be2 O-O 12.O-O Qc7 13.axb5 axb5 14.b4 Rxa1 15.Rxa1 Nb6 16.Qe1 e5
17.dxe5 dxe5 18.Qb1 Nh7 19.Bc5 Re8 20.Nxh7 Kxh7 21.Bxb5 cxb5 22.Nxb5 Qd7
23.Nd6 Re6 24.Qd1 Bc6 25.Qd3 Na4 26.Ra3 Bf8 27.Nb7 Nxc5 28.Nxc5 Bxc5+ 29.bxc5 Qe7
30.Qc4 Qxh4 31.Ra7 Re7 32.Ra6 Qe1+ 33.Kh2 Rd7 34.Rxc6 Qh4+ 35.Kg1 Rd1+ 36.Qf1 Rxf1+
37.Kxf1 Qh1+ 38.Kf2 Qc1  0-1

[Event "31st Presolana Open"]
[Site "Presolana ITA"]
[Date "2011.08.28"]
[Round "9.3"]
[White "David,Alb"]
[Black "Indjic,A"]
[Result "1-0"]
[WhiteElo "2609"]
[BlackElo "2373"]

1.e4 g6 2.d4 Bg7 3.Nc3 c5 4.d5 d6 5.Nf3 Nf6 6.Bb5+ Nfd7 7.a4 Na6 8.O-O O-O
9.Bf4 Nc7 10.Qd2 Nxb5 11.axb5 Re8 12.Rfe1 f6 13.Bh6 Bh8 14.Qf4 a6 15.Qg3 Nf8
16.Nh4 Bg7 17.Bxg7 Kxg7 18.f4 Bd7 19.e5 axb5 20.Rxa8 Qxa8 21.e6 Bc8 22.Nxb5 Qa5
23.Nf5+ Kh8 24.Nbxd6 exd6 25.Nxd6 Rxe6 26.dxe6 Bxe6 27.f5 Bd5 28.fxg6  1-0

[Event "133rd ch-New York State"]
[Site "Colonie USA"]
[Date "2011.09.05"]
[Round "6"]
[White "Chandran,Kapil"]
[Black "Treger,E"]
[Result "0-1"]
[WhiteElo "2084"]
[BlackElo "2191"]

1.e4 g6 2.d4 Bg7 3.Nc3 a6 4.a4 d6 5.Nf3 Bg4 6.Be2 Nc6 7.d5 Bxf3 8.Bxf3 Nd4
9.Bg4 c5 10.O-O Nf6 11.Bh3 b5 12.Qd3 O-O 13.axb5 axb5 14.Rxa8 Qxa8 15.Nxb5 Nxb5
16.Qxb5 Nxe4 17.Qd3 f5 18.f3 Nf6 19.c4 Nd7 20.Qe2 Bd4+ 21.Kh1 Rf7 22.g4 Ne5
23.gxf5 gxf5 24.Be3 Bxe3 25.Qxe3 Qf8 26.b3 f4 27.Qe4 Kh8 28.Be6 Rf6 29.b4 cxb4
30.c5 Qb8 31.c6 b3 32.Rg1 Rg6 33.Rb1 Qa7 34.Qxf4 Kg7 35.Qd2 Nxf3 36.Qc3+ Ne5
37.c7 Qf2 38.Bh3 Qe2 39.Re1 b2 40.Rxe2 b1=Q+ 41.Re1 Qa2 42.Qe3 Qxd5+ 43.Qe4 Nd3
44.Bg4 Rxg4  0-1